000 01521nam a22003377a 4500
999 _c63787
_d63787
005 20240530110658.0
008 171225s2015 ua a g b 000 0dara d
017 _a2014/20431
_bمصر. دار الكتب
020 _a9789777189026
040 _aEG-CaGPL
_cEG-CaGPL
082 0 4 _221
_a916.227
_bق/ف ص
100 1 _aفيفيان ، كاساندرا
245 1 0 _aصحراء مصر الغربية :
_bدليل مختصر للمستكشف /
_cتأليف كاساندا فيفيان ؛ الخرائط والرسوم التوضيحية فيفيين جروفز ، ليلى بنك بروك ، علا سيف ؛ ترجمة محمد صبرى محسوب سليم .
250 _aط.1
260 _aالقاهرة :
_bالمركز القومى للترجمة ،
_c2015 .
300 _a998 ص. :
_bصور لو ؛
_c24 سم.
490 _aالمركز القومى للترجمة ؛
_v2117
650 0 7 _2qrmak
_aالصحراء الغربية
_xادلة
_zمصر
650 0 7 _2qrmak
_aواحة الداخلة
650 0 7 _2qrmak
_aواحة الفرافرة
650 0 7 _2qrmak
_aصحراء درب الاربعين
650 0 7 _2qrmak
_aصحراء العوينات
650 0 7 _2qrmak
_aالواحة البحرية
651 _2qrmak
700 0 _aمحمد صبرى محسوب سليم
_eمترجم
700 0 _aفيفيين جروفز
_eرسام
700 0 _aليلى بنك بروك
_eرسام
700 0 _aعلا سيف
_eرسام
942 _2ddc
_cBK